Things starting with "B" + all letters - Statistics

General Stats
  • This quiz has been taken 26 times
  • The average score is 9 of 26
Answer Stats
Hint Letters Answer % Correct
A color of the rainbow BL Blue
95%
Barbecue shortened BB BBQ
91%
Important ancient Mesopotamian city BA Babylon
86%
Common Scandinavian male given name BJ Björn
86%
Capital of Belgium BR Brussels
73%
A two-footed animal BI Biped
64%
One of the major world religions BU Buddhism
64%
The second-largest living rodent BE Beaver
59%
A musical note BF B-flat
55%
A K-pop band BT BTS
55%
A type of a bicycle BM BMX
50%
A strait between Europe and Asia BO Bosporus
32%
Former name of Istanbul BY Byzantium
32%
A Swahili word meaning "master" or "boss" BW Bwana
14%
Abbreviation of "Bachelor of Pharmacy" BP BPharm
9%
A South-Korean convenience store operator BG BGF Retail
5%
Abbreviation of a famous Windows crash BS BSOD
5%
The sound of a buzzer or of electricity BZ Bzzt
5%
A password-hashing function BC Bcrypt
0%
A semi-transparent resin BD Bdellium
0%
A Hindu religious devotee BH Bhakta
0%
A Vietnamese security software BK Bkav
0%
A moshav in Center-Israel BN Bnaya
0%
A water treatment system integrator and manufacturer. BQ BQUA
0%
An Italian luxury fashion house BV Bvlgari
0%
An Indian footwear brand BX Bxxy
0%
No matching quizzes found
Score Distribution
Percent of People with Each Score
Percentile by Number Answered
Your Score History
You have not taken this quiz